000 00640nam a22001937a 4500
003 OSt
005 20140310182435.0
008 130220t xxu||||| |||| 00| 0 eng d
020 _a9780763763268
050 _aRS 100
_b.P483 2011
245 _aPharmacy management, leadership, marketing, and finance /
_cMarie A. Chisholm-Burns, Allison M. Vaillancourt, Marv Shepherd
260 _aSudbury, Mass. :
_bJones and Bartlett Publishers,
_cc2011.
300 _a560 p. :
_c23 cm.
_bill. ;
650 _aPharmacy Management
_97785
650 _aChrishol-Burns, Marie A.
_97796
942 _2lcc
_cSSLC
999 _c13433
_d13433